000 00825nam a2200241 i 4500
003 DO-SdBNP
005 20230912134209.0
007 ta
008 110413s1968 dr 000 0 spa d
040 _aDO-SdBNP
_bspa
_cBNPHU
_erda
082 _bR615
_222
100 _958031
245 1 0 _aRitual de apertura y cierre de una logia y ceremonias de iniciación :
_clibro primero
264 _aSanto Domingo :
_bOffset Sardá,
_c1968.
300 _a52 páginas
_c21 cm.
336 _2rdacontent
_atexto
_btxt
337 _2rdamedia
_asin mediación
_bn
338 _2rdacarrier
_avolumen
_bnc
500 _aDeclarado pauta oficial para la juridicción de la República Dominicana por resolución del Comité Administrativo de fecha 1 de junio de 1968.
590 _aInventariado, 2023/ DG
910 _aDG
942 _2ddc
_cLBS1
999 _c54708
_d54708